"In jedem Einzelfall ... bis zur Todesstrafe": der Militärstrafrechtler Erich Schwinge; ein deutsches Juristenleben

Gespeichert in:  
Bibliographische Detailangaben
1. VerfasserIn: Garbe, Detlef 1956- (Verfasst von)
Beteiligte: Schwinge, Erich 1903-1994 (Geehrte Person)
Medienart: Druck Buch
Sprache:Deutsch
Veröffentlicht: Hamburg Hamburger Stiftung für Sozialgeschichte des 20. Jahrhunderts 1989
Hamburg Hamburger Stiftung für Sozialgeschichte 1989
In: 1999 / Kleine historische Bibliothek (1)
Jahr: 1989
Bestand in Tübingen:In Tübingen vorhanden.
IFK: C X 217
Verfügbarkeit prüfen: HBZ Gateway
Subito Bestelldienst: Jetzt bestellen.
Schlagwörter:

MARC

LEADER 00000cam a2200000 c 4500
001 1650771215
003 DE-627
005 20260206203021.0
007 tu
008 900516s1989 gw ||||| 00| ||ger c
015 |a 89,B25,0571  |2 dnb 
016 7 |a 890880905  |2 DE-101 
020 |a 3927106003  |9 3-927106-00-3 
035 |a (DE-627)1650771215 
035 |a (DE-603)01078618X 
035 |a (DE-576)020460570 
035 |a (DE-599)DNB890880905 
035 |a (OCoLC)22811457 
035 |a (DE-H357)his4956 
040 |a DE-627  |b ger  |c DE-627  |e rakwb 
041 |a ger 
044 |c XA-DE 
050 0 |a KK185.G37 
084 |a 63  |a 19  |a 21  |2 sdnb 
084 |a NQ 2230  |2 rvk  |0 (DE-625)rvk/128237: 
084 |a PC 5230  |2 rvk  |0 (DE-625)rvk/135092: 
084 |a AL 31600  |2 rvk  |0 (DE-625)rvk/2923: 
084 |a AL 50146  |2 rvk  |0 (DE-625)rvk/3491:9432 
084 |a NZ 67100  |2 rvk  |0 (DE-625)rvk/134344: 
084 |a 15.43  |2 bkl 
084 |a 86.63  |2 bkl 
100 1 |a Garbe, Detlef  |d 1956-  |0 (DE-588)130556793  |0 (DE-627)503820784  |0 (DE-576)161058655  |4 aut 
109 |a Garbe, Detlef 1956- 
245 1 0 |a "In jedem Einzelfall ... bis zur Todesstrafe"  |b der Militärstrafrechtler Erich Schwinge; ein deutsches Juristenleben  |c Detlef Garbe 
263 |a DM 14.00 
264 1 |a Hamburg  |b Hamburger Stiftung für Sozialgeschichte des 20. Jahrhunderts  |c 1989 
264 1 |a Hamburg  |b Hamburger Stiftung für Sozialgeschichte  |c 1989 
300 |a 164 S. 
336 |a Text  |b txt  |2 rdacontent 
337 |a ohne Hilfsmittel zu benutzen  |b n  |2 rdamedia 
338 |a Band  |b nc  |2 rdacarrier 
361 1 |5 DE-35  |y 3930682443  |s 53038  |o Vorbesitz  |a Wehrbereichsbibliothek (Hannover)  |0 (DE-588)2032223-9  |0 (DE-627)102430195  |0 (DE-576)191836702 
490 1 |a 1999  |a Kleine historische Bibliothek  |v 1 
500 |a Literaturverz. S. 155 - 160 
546 |a Deutsch 
583 1 |a Massenentsäuert  |c 2011  |2 pdager  |5 DE-18 
600 1 7 |0 (DE-588)118760203  |0 (DE-627)07954018X  |0 (DE-576)163016321  |a Schwinge, Erich  |d 1903-1994  |2 gnd 
610 2 7 |0 (DE-588)2031924-1  |0 (DE-627)102419507  |0 (DE-576)191834068  |a Philipps-Universität Marburg  |b Fachbereich Rechtswissenschaften  |2 gnd 
650 4 |a Strafrecht/Strafjustiz 
650 4 |a Drittes Reich 
650 4 |a Deutschland 
650 4 |a Weltkrieg II 
650 4 |a Militärjustiz 
650 4 |a Wehrmacht 
650 4 |a Literaturverzeichnis/Bibliographie 
650 4 |a criminal law/criminal justice 
650 4 |a Third Reich 
650 4 |a Germany 
650 4 |a World War II 
650 4 |a military justice 
650 4 |a Bibliography 
651 7 |0 (DE-588)4037446-4  |0 (DE-627)106237454  |0 (DE-576)209024305  |a Marburg  |2 gnd 
653 0 |a Courts-martial and courts of inquiry  |a Germany  |a History 
653 0 |a Garbe, Detlef  |a 1956- 
653 0 |a Judges  |a Germany  |a Biography 
653 0 |a National socialism 
655 7 |a Biografie  |0 (DE-588)4006804-3  |0 (DE-627)104213493  |0 (DE-576)208867147  |2 gnd-content 
689 0 0 |d p  |0 (DE-588)118760203  |0 (DE-627)07954018X  |0 (DE-576)163016321  |a Schwinge, Erich  |d 1903-1994  |2 gnd 
689 0 |5 (DE-627) 
689 1 0 |d p  |0 (DE-588)118760203  |0 (DE-627)07954018X  |0 (DE-576)163016321  |a Schwinge, Erich  |d 1903-1994  |2 gnd 
689 1 |5 (DE-627) 
689 2 0 |d p  |0 (DE-588)118760203  |0 (DE-627)07954018X  |0 (DE-576)163016321  |a Schwinge, Erich  |d 1903-1994  |2 gnd 
689 2 |5 (DE-627) 
700 1 |a Schwinge, Erich  |d 1903-1994  |e GefeierteR  |0 (DE-588)118760203  |0 (DE-627)07954018X  |0 (DE-576)163016321  |4 hnr 
830 0 |a 1999 / Kleine historische Bibliothek  |v 1  |9 1  |w (DE-627)169595536  |w (DE-576)023060042  |w (DE-600)1013504-2  |7 am 
889 |w (DE-627)02581379X 
935 |i mdedup 
936 r v |a NQ 2230  |b Justiz  |k Geschichte  |k Geschichte seit 1918  |k Drittes Reich  |k Innere Geschichte  |k Gleichschaltungsprozess  |k Justiz  |0 (DE-627)1271470756  |0 (DE-625)rvk/128237:  |0 (DE-576)201470756 
936 r v |a PC 5230  |b Biografien einzelner Juristen, Briefwechsel  |k Rechtswissenschaft  |k Allgemeines zum juristischen Studium und zur Rechtswissenschaft  |k Biografien und Autobiografien  |k Biografien einzelner Juristen, Briefwechsel  |0 (DE-627)1270706470  |0 (DE-625)rvk/135092:  |0 (DE-576)200706470 
936 r v |a AL 31600  |b Allgemeines  |k Allgemeines  |k Hochschul- und Universitätswesen  |k Lehrkörper  |k Allgemeines  |0 (DE-627)127065957X  |0 (DE-625)rvk/2923:  |0 (DE-576)20065957X 
936 r v |a AL 50146  |b Hessen  |k Allgemeines  |k Hochschul- und Universitätswesen  |k Hochschulwesen einzelner Länder und einzelne Hochschulen  |k International, Europa insgesamt, Deutschland mit einzelnen Ländern  |k Europa  |k Mitteleuropa  |k Deutschland  |k Deutschland (Westliche Länder)  |k Westdeutschland  |k Hessen  |0 (DE-627)127212004X  |0 (DE-625)rvk/3491:9432  |0 (DE-576)20212004X 
936 r v |a NZ 67100  |b Einzelne Personen A-Z  |k Geschichte  |k Regionale Landeskunde  |k Landesgeschichte Hessen  |k Biografien hessischer Persönlichkeiten  |k Einzelne Personen A-Z  |0 (DE-627)1469989360  |0 (DE-625)rvk/134344:  |0 (DE-576)399989366 
936 b k |a 15.43  |j Deutsche Geschichte des 19. Jahrhunderts bis zur Gegenwart  |0 (DE-627)181569701 
936 b k |a 86.63  |j Wehrrecht  |j Zivilschutzrecht  |0 (DE-627)106422359 
936 s n |a n100  |2 mzub 
936 s n |a p100  |2 mzub 
936 s n |a a100  |2 mzub 
936 s n |a m100  |2 mzub 
951 |a BO 
ELC |b 1 
LOK |0 000 xxxxxcx a22 zn 4500 
LOK |0 001 3338407912 
LOK |0 003 DE-627 
LOK |0 004 1650771215 
LOK |0 005 20020607000000 
LOK |0 008 931213||||||||||||||||ger||||||| 
LOK |0 040   |a DE-21-110  |c DE-627  |d DE-21-110 
LOK |0 852   |a DE-21-110 
LOK |0 852 1  |c C X 217  |m p  |9 00 
LOK |0 935   |a k110 
LOK |0 936ln  |a 10.2.1 
LOK |0 938   |k p 
LOK |0 939   |a 13-12-93  |b l01 
ORI |a SA-MARC-krimdoka001.raw 
SIG |a IFK: C X 217